|
|
|
|
| LEADER |
00789cam a2200241 7i4500 |
| 001 |
0000009085 |
| 005 |
20230322090000.0 |
| 008 |
230322t19981998xxu# ### #00001eng## |
| 020 |
# |
# |
|a 0471571903 (paperback)
|
| 020 |
# |
# |
|a 9780471571902 (paperback)
|
| 040 |
# |
# |
|a UMT
|b eng
|c UMT
|e rda
|
| 090 |
0 |
0 |
|a BF 724
|b .J3 1998
|
| 100 |
1 |
# |
|a Jaffe, Michael L.
|e author
|
| 245 |
1 |
0 |
|a Adolescence
|c Michael L. Jaffe.
|
| 264 |
# |
1 |
|a New York:
|b J. Wiley and Sons,
|c 1998
|
| 264 |
# |
4 |
|c ♭1998
|
| 300 |
# |
# |
|a 549 pages:
|b illustrations;
|c 24 cm
|
| 336 |
# |
# |
|a text --
|2 rdacontent
|
| 337 |
# |
# |
|a unmediated --
|2 rdamedia
|
| 338 |
# |
# |
|a volume --
|2 rdacarrier
|
| 590 |
# |
# |
|a Pusat Pengajian Pembangunan Sosial dan Ekonomi
|
| 650 |
0 |
0 |
|a Adolescent psychology
|
| 999 |
|
|
|a 1000403390
|b Book
|c Open Shelf
|e KOLEKSI TERBUKA
|